| 000 | 00885nas a2200253 4500 | ||
|---|---|---|---|
| 001 | BR8401583 | ||
| 003 | BR-BrBNA | ||
| 005 | 20231205085843.0 | ||
| 007 | ta | ||
| 008 | 230509b bl.|||p| |||| 00| 00por d | ||
| 040 |
_aBR-BrBNA _bpor _cBiblioteca Nacional de Agricultura |
||
| 041 | _a(Pt) | ||
| 072 | _aF00; L30 | ||
| 100 | 1 | _aRezende, P.M. de | |
| 245 | 1 | _aMaximizacao da exploracao da soja, 1: efeito do corte aos 60 dias na producao de feno e graos da rebrota [Glycine max] | |
| 246 | 1 | _aMaximizing soybean exploration, 1: effect of harvesting in 60 days on production of hay and grains [Glycine max] | |
| 650 | _aSOJA | ||
| 650 | _aFENO | ||
| 650 | _aCORTE | ||
| 650 | _aREBROTA | ||
| 773 | 0 |
_tPesquisa Agropecuaria Brasileira (Brazil) _xISSN 0100-204X _g(Mar 1984), v. 19(3) p. 329-336 _wBR8401583 |
|
| 909 |
_a202311 _bLúcia _c55 _dLúcia Elande |
||
| 942 |
_2AGRIS _n0 _cANA |
||
| 999 |
_c114296 _d114296 |
||